Pays les plus censurés - Top 30 - Statistiques

Statistiques générales
  • Ce quiz a été pris 52 fois
  • Le résultat moyen est 20 sur 30
Statistiques - réponses
Classement Indices Pays % Correct
2. 12,64 - Asie Corée du Nord
96%
3. 14,80 - Asie Chine
93%
10. 24,57 - Asie Russie
89%
5. 16,22 - Asie Iran
85%
26. 30,69 - Asie Irak
83%
6. 17,88 - Asie Afghanistan
80%
23. 29,62 - Asie Pakistan
80%
30. 32,96 - Asie Inde
78%
7. 19,14 - Asie Turkménistan
76%
11. 24,74 - Afrique Égypte
74%
25. 30,34 - Afrique Soudan
72%
8. 19,74 - Asie Viêt Nam
70%
27. 31,45 - Asie Yémen
70%
19. 27,94 - Asie Arabie saoudite
67%
16. 26,03 - Amérique du Nord Cuba
67%
4. 15,82 - Asie Syrie
67%
12. 25,32 - Asie Birmanie | Myanmar
63%
28. 32,21 - Asie Tadjikistan
63%
21. 29,21 - Amérique du Sud Venezuela
63%
14. 25,47 - Asie Azerbaïdjan
61%
20. 28,18 - Asie Cambodge
61%
22. 29,40 - Asie Turquie
61%
15. 25,73 - Europe Biélorussie
59%
17. 26,91 - Asie Émirats arabes unis
57%
1. 11,32 - Afrique Érythrée
54%
24. 30,24 - Asie Bahreïn
43%
9. 22,83 - Amérique du Nord Nicaragua
41%
29. 32,62 - Asie Bhoutan
39%
13. 25,36 - Afrique Djibouti
35%
18. 27,41 - Asie Palestine
20%
Aucun quiz correspondant
Distribution des résultats
% des personnes avec chaque résultat
Percentile par nombre de réponses
Votre historique - résultats
Vous n’avez pas pris ce quiz